000
00215nam a22000977a 4500
003
OSt
008
210113b ||||| |||| 00| 0 eng d
100
_a
Kunjunni Nair, T. V
_9
4814
245
_a
Aanandhamatam
942
_c
BK
999
_c
16419
_d
16419